00614nam a2200205 a 4500001001300000003000900013005001700022008004100039020001000080082001800090100001300108245003700121260005900158300000800217500003500225505007900260650001900339650003700358700001300395nice12345678IN_TiNIC20260116011315.0050524s1966 bana grp 000 0 eng  ac10000a230.0954bDAS aDas, R C aConviction of an Indian Disciple aBangalorebChristian Instt.For Study of Religionc1966 a33p aincludes index and biblioraphy2 aunited nations conference on trade and development.Feb 1 to march 25 1968. aTheology-India aChristianity and Other Religions1 aDas, R C